Biznis marketing

Saved in:
Bibliographic Details
Main Author Oreský, Milan
Format Electronic eBook
LanguageCzech
Published Grada SK 2024
Edition1. elektronické vydání
Subjects
Online AccessDostupné v BOOKPORT po přihlášení pomocí eduID
ISBN978-80-8090-684-9
978-80-8090-682-5
Physical Description1 online zdroj (272 stran)

Cover

LEADER 00000nam a2200000 i 4500
001 bkp100247
003 CZ-prgp
005 20240227084415.0
006 m o d
007 cr cn
008 240227s2024 xr o 000 0 cze
020 |a 978-80-8090-684-9  |c 425 Kč  |q (online ; epub) 
020 |a 978-80-8090-682-5  |c 250 Kč  |q (print) 
040 |a Grada  |b cze  |e rda 
100 1 |a Oreský, Milan 
245 1 0 |a Biznis marketing  |c Milan Oreský 
250 |a 1. elektronické vydání 
264 1 |b Grada SK  |c 2024 
300 |a 1 online zdroj (272 stran) 
336 |a text  |b txt  |2 rdacontent 
337 |a počítač  |b c  |2 rdamedia 
338 |a online zdroj  |b cr  |2 rdacarrier 
520 3 |a Biznis zákazníci predstavujú lukratívny a komplexný trh vyžadujúci individualizované prístupy. Biznis marketing poskytuje ideálnu platformu na prehĺbenie vedomostí o konkurenčnej realite globálneho trhu, riadení vzťahov so zákazníkmi, manažmente dodávateľského reťazca, elektronickom obchode a súvisiacich oblastiach. 
650 0 4 |a Marketing a reklama 
856 4 0 |u https://www.bookport.cz/AccountSaml/SignIn/?idp=https://shibboleth.utb.cz/idp/shibboleth&returnUrl=/kniha/biznis-marketing-12455/  |y Dostupné v BOOKPORT po přihlášení pomocí eduID